| 000 | 00536nam a22001937a 4500 | ||
|---|---|---|---|
| 003 | NUST - PNEC | ||
| 005 | 20170116180801.0 | ||
| 008 | 150414b xxu||||| |||| 00| 0 eng d | ||
| 020 | _a0415249864 | ||
| 040 | _cLIBRARY | ||
| 082 | _a 372.7 BRO | ||
| 100 |
_92488 _aBrown, Tony, |
||
| 245 |
_aMeeting the standards in primary mathematics _c Tony Brown |
||
| 250 | _a- | ||
| 260 |
_aUSA : _bNew York, _cc 2003. |
||
| 300 | _a243 p.: | ||
| 650 |
_92490 _aMeeting the standards in primary mathematics _xGreat Britain |
||
| 942 |
_2ddc _cBK |
||
| 999 |
_c62943 _d62943 |
||